Selected Microeconomic Effects of Ict Firms in Context of Level of Sectoral Concentration: Case Study in Selected Regions of the Czech Republic

Špecifikácia vybraných mikroekonomických efektov koncentrácie pobočiek spoločností IKT sektoru v danej oblasti a definícia rozdielov vo faktoroch koncentrácie pobočiek IKT spoločností.

Saved in:
Bibliographic Details
Main Author: Turečková, Kamila
Format: Book Chapter
Language:English
Subjects:
Tags: Add Tag
No Tags, Be the first to tag this record!

MARC

LEADER 00000naa a2200000 4500
001 0241032
005 20180309134503.6
041 0 |a eng 
044 |a CZ 
245 1 0 |a Selected Microeconomic Effects of Ict Firms in Context of Level of Sectoral Concentration: Case Study in Selected Regions of the Czech Republic  |c Kamila Turečková 
520 |a Špecifikácia vybraných mikroekonomických efektov koncentrácie pobočiek spoločností IKT sektoru v danej oblasti a definícia rozdielov vo faktoroch koncentrácie pobočiek IKT spoločností. 
610 2 0 |a technológie informačné 
610 2 0 |a technológie komunikačné 
610 2 0 |a filiálky 
610 2 0 |a štúdie prípadové 
610 2 0 |a prostredie podnikateľské 
610 2 0 |a efektívnosť podnikania 
610 2 0 |a mikroekonomika 
610 2 0 |a Česko 
100 1 |a Turečková, Kamila